| 000 | 00541cam a2200205ua 4500 | ||
|---|---|---|---|
| 001 | 2270 | ||
| 005 | 20260515113452.0 | ||
| 008 | 110806n ii |||gr||||Z||||||eng | ||
| 020 | _a81-259-0358-5 | ||
| 040 | _cMAIN | ||
| 082 | _a371.9 | ||
| 100 |
_aPanda, K C., _eAuthor. |
||
| 245 | 1 |
_aEducation of exceptional children _cby K. C. Panda |
|
| 250 | _a1st. | ||
| 260 |
_aNew Delhi: _bVikas publishing house pvt. ltd., _c2003. |
||
| 300 |
_a331p: _c23cm. |
||
| 653 | _aEducation | ||
| 653 | _aEducation of exceptional children | ||
| 942 | _cBK | ||
| 999 |
_c2133 _d2133 |
||